| 000 | 00443nmm a2200157Ia 4500 | ||
|---|---|---|---|
| 008 | 251105s9999||||xx |||||||||||||||||und|| | ||
| 020 | _a9781558858787 | ||
| 041 | _aeng | ||
| 100 | _aGallardo, Yolanda | ||
| 245 | 4 | _aThe Glass Eye | |
| 264 |
_a[Washington, Estados Unidos] : _bArte Público Press, _c2019 |
||
| 300 | _a166 páginas | ||
| 650 | _aSpanish narrative | ||
| 856 | _uhttps://public.digitaliapublishing.com/a/68555 | ||
| 942 | _cCF | ||
| 999 |
_c74945 _d74945 |
||